[Event "FRA-chT Top 12"]
[Site "Mulhouse"]
[Date "2011.05.29"]
[Round "4.2"]
[White "Moiseenko, Alexander"]
[Black "Postny, Evgeny"]
[Result "1/2-1/2"]
[WhiteElo "2679"]
[BlackElo "2612"]
[Annotator "Postny,E"]
[PlyCount "159"]
[EventDate "2011.05.26"]
[EventType "team-tourn"]
[EventRounds "11"]
[EventCountry "FRA"]
[SourceTitle "CBM 142 Extra"]
[Source "ChessBase"]
[SourceDate "2011.06.27"]
[SourceVersion "1"]
[SourceVersionDate "2011.06.27"]
[SourceQuality "1"]
[WhiteTeam "Lutece"]
[BlackTeam "Metz Fischer"]
[WhiteTeamCountry "FRA"]
[BlackTeamCountry "FRA"]

1. d4 d5 2. c4 c6 3. Nf3 Nf6 4. Nc3 a6 5. a4 e6 6. g3 dxc4 7. Bg2 c5 8. dxc5
Qxd1+ 9. Nxd1 Bd7 $5 {A few years ago I wrote a survey of this line,
concentrating on the more obvious alternatives 9...Bxc5 and 9...Nc6. Black did
experience some problems from time to time, mainly because the light-squared
bishop remained passive. The move 9...Bd7!? saw the light in the game
Kasimdzhanov-Karjakin (see below). In our game I got the chance to check the
new trend myself.} ({The following game is a great example of a "bad bishop"
on c8.} 9... Bxc5 10. Ne5 Nd5 11. Ne3 Nxe3 12. Bxe3 Bxe3 13. fxe3 c3 14. b4 $1
Nd7 15. Nd3 Rb8 16. O-O b5 17. axb5 Rxb5 18. Rfc1 Ne5 19. Nxe5 Rxe5 20. Rxc3
O-O 21. Bc6 $1 Rd8 22. e4 Kf8 23. Kf2 Ke7 24. b5 axb5 25. Ra7+ Kf6 26. Rf3+ Kg6
27. Rfxf7 Rg8 28. Rfc7 Rh5 29. h4 Kf6 30. Ra8 Rc5 31. Rcxc8 Rxc8 32. Rxc8 b4
33. Bd7 {1-0 Anand,V (2791)-Wang Yue (2739)/Linares 2009/CBM 129}) 10. Ne5 (10.
Ne3 Bc6 11. Nxc4 Bxc5 {is equal as Black has solved the problem of the
light-squared bishop.}) 10... Nc6 11. Nxc4 ({The premier game on this theme
went as follows:} 11. Nxc6 Bxc6 12. Bxc6+ bxc6 13. Bd2 Ne4 14. Rc1 Nxd2 15.
Kxd2 O-O-O+ 16. Ke3 Bxc5+ 17. Kf3 Rd5 18. Rxc4 Rhd8 $11 {1/2-1/2 Kasimdzhanov,
R (2695)-Karjakin,S (2721)/Nalchik 2009/CBM 130 (23)}) 11... Bxc5 12. Be3 Bxe3
{The check on b4 also has a point, but I wanted to get my rooks connected as
soon as possible.} 13. Ndxe3 Ke7 14. f4 {The position is very close to equal.
White's hopes relies on a slight space superiority plus the pressure on the
long diagonal.} Rab8 15. Kf2 Nb4 16. Ne5 Rhc8 17. a5 (17. Rhd1 Nc2 18. Nxc2
Rxc2 19. b4 Be8 20. Rac1 Rxc1 21. Rxc1 Bxa4 22. Rc7+ Nd7 23. Nxd7 Bxd7 24. Rxb7
Rxb7 25. Bxb7 Bb5 26. e4 e5 $1 $11 {1/2-1/2 Cheparinov,I (2661)-Roussel
Roozmon,T (2484)/Khanty Mansiysk 2010/CBM 139 (56)}) 17... b6 $6 {It's logical
to get rid of the Pb7, which is always a target for Bg2. However, now White's
Ra1 gets into play from its initial place.} ({It would have been more accurate
to seize control over the c-file.} 17... Rc7 18. Rhc1 Rbc8 $11) 18. axb6 Rxb6
19. Rhc1 Rbb8 20. Rc3 $1 {White uses the opportunity to fight over the c-file.}
Be8 21. Rac1 Rxc3 22. bxc3 $1 (22. Rxc3 $6 Nd7 $11) 22... Nbd5 23. c4 Nb4 24.
Nc2 $1 {I overlooked this strong move. After the exchange of knights I can't
play Nf6-Nd7 due to a fork on c6. This part of the game was very well played
by Alexander, squeezing the advantage practically out of nothing.} a5 (24...
Na2 25. Ra1 Rb2 26. Nd4 Nb4 27. Ke3 Nd7 28. Nxd7 Bxd7 29. Bb7 Kd6 30. Bxa6 Kc5
31. Bb5 Bxb5 32. cxb5 Nd5+ 33. Kd3 $16) 25. Nxb4 axb4 $6 {For some reason I
played this recapture very quickly, but it was better to keep the pawn on the
a-file, as far as possible from the white king.} (25... Rxb4 26. Ke3 Rb3+ 27.
Kd4 a4 28. Ra1 (28. c5 $6 a3 29. c6 a2 30. c7 Rb1 31. c8=Q a1=Q+ {check!})
28... a3 29. Nd3 $16 {[%cal Gd3c1] The Pa3 will be lost soon.}) 26. Ke3 b3 {
The only chance.} 27. Rb1 Kd6 {I had to try some activity, otherwise the Pb3
would be lost without any benefit.} 28. Kd4 Nd7 29. Nc6 Ra8 $1 (29... Rb6 $2
30. Na7 $1 $16 {[%cal Ga7b5]}) 30. Nb4 $2 (30. Rxb3 $1 Nc5 31. Rb6 Na4 {
[%tqu "En","Find the way to an advantage for White.","","","c6a7","We both
missed this neat trick.",15,"c4c5","",0]} 32. Na7+ $3 {We both missed this
neat trick.} (32. c5+ $2 Kc7 33. Ne5 Rd8+ 34. Rd6 Rxd6+ 35. cxd6+ Kxd6 $11)
32... Nxb6 33. c5+ Kc7 (33... Ke7 34. cxb6 Rb8 35. Kc5 $18) 34. cxb6+ Kxb6 35.
Bxa8 Kxa7 36. Be4 {[%csl Rh7]} Kb6 (36... h6 $2 37. Kc5 $18 {[%cal Gc5d6,Gd6e7]
}) 37. Bxh7 {Good technique will bring White the win in this endgame. An
instructive line, showing how important is to see all the board. In the end of
the battle on the queenside, White suddenly wins a small, modest pawn on the
other side of the board.}) 30... Ra3 {Now Black is back in the game.} 31. Nd3
$6 (31. Bc6 $1 f6 32. Kc3 b2+ $1 33. Kxb2 Re3 34. Bf3 Nc5 35. Rd1+ Ke7 36. Nd3
Ba4 37. Rd2 Nb3 38. Kc3 $1 Nxd2 39. Kxd2 Rxf3 40. exf3 Bc6 {I think that Black
should hold this endgame, as the Pf3 is always a target. But, of course, it's
not a forced line, and White's advantage along the way is beyond any doubt.})
31... f6 {Finally, my dreaming bishop is going to join the game. Here we both
were in a severe time scramble.} 32. c5+ (32. Kc3 Nc5 33. Nxc5 Kxc5 34. Rxb3
Rxb3+ 35. Kxb3 {White's extra pawn is not enough for winning purposes, as his
king can't come through.}) 32... Kc7 33. Be4 $6 {Alexander is still searching
for an advantage which is already gone.} (33. Kc3 Bg6 34. e4 b2+ 35. Kd2 Ra4 {
[%csl Re4]} 36. Ke3 Ra3 {[%csl Rc5]} 37. Kd2 Ra4 $11) 33... Bf7 34. Kc3 (34. c6
e5+ 35. Kc3 Ra4 36. Bxh7 Kxc6 {[%csl Gb3] The Pb3 is well protected and
becomes a factor that will force White to search for an escape.}) 34... e5 35.
c6 (35. fxe5 Ra2 $1 {[%csl Re2][%cal Ga2c2] The same idea as in the game.
Black is fine.}) 35... Nb6 36. fxe5 Ra2 $1 {A good practical chance, confusing
my opponent in time trouble. After being on the defensive for dozens of moves,
my pieces have achieved a maximum of activity.} 37. exf6 Rxe2 38. Nc5 (38. Bxh7
Rxh2 $15) 38... Na4+ $1 39. Nxa4 Rxe4 40. Nb2 $2 {As often happens, the last
move before the time control is a mistake.} (40. fxg7 $1 {was the only way,
but required some precise (and quick!) calculation.} Rxa4 41. Rf1 Rc4+ 42. Kb2
Rc2+ 43. Kb1 Bg6 44. Rf6 $8 (44. g8=Q $4 Rf2+ 45. Kc1 (45. Qxg6 Rxf1+ 46. Kb2
hxg6 $19) 45... b2+ 46. Kd1 b1=Q#) 44... Rxc6+ 45. Kb2 Rxf6 46. g8=Q Rf2+ 47.
Kc3 b2 48. Qc4+ $8 Kd6 49. Qd4+ Ke6 50. Qe3+ {and White gives a perpetual
check.}) 40... gxf6 {After the dust had settled, we landed in a position where
Black has great winning chances.} 41. Rf1 Re6 42. g4 Rxc6+ 43. Kb4 Bd5 44. Rf5
Be4 45. Rc5 $2 {This came as a big surprise. I thought that White should do
everything to avoid the rook swap.} ({After, say} 45. Ra5 Bc2 {Black should
eventually win, but the task isn't trivial at all.}) 45... Rxc5 46. Kxc5 Kd7
47. Kd4 Bc2 48. Kc3 Ke6 49. Nc4 Be4 $4 {Hallucination! Immediately after
making the move I realised that the pawn endgame is drawish. In any case there
was no point in moving the bishop from c2.} ({The winning plan wasn't hard to
find:} 49... Kf7 50. Ne3 Kg6 51. Nd5 Kg5 52. Kb2 h6 {and eventually the king
will capture all White's remaining pawns.}) 50. Kxb3 $1 Bf3 {Last try, but
there is already no win.} (50... Bd5 51. Kc3 Bxc4 52. Kxc4 {This is the pawn
endgame that I was talking about.} Ke5 53. Kd3 Kf4 54. h3 Kg3 55. Ke4 Kxh3 56.
Kf4 $1 {The point.} (56. Kf3 $2 h6 57. Kf4 Kh4 58. Kf3 Kh3 59. Kf4 Kg2 60. Kf5
Kg3 61. Kxf6 Kxg4 $19) 56... Kh4 (56... h6 57. Kf3 $11) 57. Kf5 h6 (57... Kg3
58. g5 $11) 58. Kf4 $11) 51. Kc3 Bxg4 52. Kd4 Be2 53. Ne3 Bf3 54. Nf1 Kf5 55.
Ke3 Bd5 56. Kf2 {This is a safe fortress for White. It is impossible to trap
the knight, but the fight continued until total exhaustion.} Kf4 57. Ne3 Be4
58. Nc4 f5 59. Ne3 Ke5 60. Nc4+ Kd5 61. Nd2 f4 62. Ke2 Kd4 63. Nb3+ Ke5 64. Nd2
Bd5 65. Kf2 Kd4 66. Ke2 Bc6 67. Kf2 h6 68. Ke2 (68. Nf1 Kd3 {was the last
chance, but it's draw here too.} {After} 69. h3 {[%cal Gf1h2] the knight comes
out via h2.}) 68... Bd5 69. Kf2 Ke5 70. Nb1 Kf5 71. Nc3 Bb7 72. Ne2 f3 73. Nd4+
Kf4 74. Ne6+ Ke5 75. Nc5 Bd5 76. Ke3 Kf5 77. Nd3 Kg4 78. Ne5+ Kh3 79. Nxf3 Bxf3
80. Kxf3 1/2-1/2

[Event "Budapest FS07 GM"]
[Site "Budapest"]
[Date "2003.07.08"]
[Round "4"]
[White "Pedersen, Nicolai Vesterbaek"]
[Black "Postny, Evgeny"]
[Result "1/2-1/2"]
[WhiteElo "2528"]
[BlackElo "2499"]
[Annotator "Postny,E"]
[PlyCount "58"]
[EventDate "2003.07.05"]
[EventType "tourn"]
[EventRounds "11"]
[EventCountry "HUN"]
[EventCategory "7"]
[SourceTitle "CBM 095 Extra"]
[Source "ChessBase"]
[SourceDate "2003.09.04"]
[SourceVersion "1"]
[SourceVersionDate "2003.09.04"]
[SourceQuality "1"]

1. d4 d5 2. c4 c6 3. Nc3 Nf6 4. e3 a6 5. Nf3 b5 6. b3 Bg4 7. Be2 e6 8. O-O Bd6
{Another way of develoment connected with Nbd7, for instanse:} (8... Nbd7 9. h3
Bh5 10. Bb2 Bd6 11. Ne5 Bxe2 12. Nxe2 Qc7 13. cxd5 cxd5 14. Rc1 Qb8 15. Nxd7
Nxd7 16. e4 O-O 17. e5 Be7 18. Ng3 Qb6 19. Qg4 Rac8 20. Nh5 g6 21. Nf4 $36 {
1-0 Sokolov,I-Kristjansson,S/Reykjavic 2003 (54)}) 9. h3 Bh5 10. Bb2 O-O 11.
Ne5 Bxe2 12. Nxe2 Nfd7 13. Rc1 $6 {This obvious move is inaccuracy.} (13. Nf4
Qe7 14. cxd5 cxd5 15. Rc1 Nxe5 16. dxe5 Ba3 17. Bxa3 Qxa3 18. Qg4 Qb2 19. Nxe6
fxe6 20. Qxe6+ Kh8 21. Rc8 Nd7 22. Rxa8 Rxa8 23. Qxd7 Qxe5 24. Rd1 {1-0 Bandza,
A-Hinterberger,W/Aschach 1994/EXT 97 (24)}) 13... Bxe5 (13... dxc4 14. Nxd7
Nxd7 15. bxc4 Nf6 16. Qc2 Qe7 17. c5 Bc7 18. f4 $6 Nd5 19. Rf3 f5 $15 {0-1
Bagaturov,G-Burmakin,V/Ubeda 1999/CBM 68 ext (40)}) 14. dxe5 dxc4 $1 $146 (
14... bxc4 15. bxc4 Nb6 16. cxd5 cxd5 17. Nf4 Qg5 18. Rc7 N8d7 19. Bd4 Rfc8 20.
Rb7 Rcb8 21. Rc7 Rc8 22. Rb7 Rcb8 23. Rc7 Rc8 24. Rb7 {1/2-1/2 Riazantsev,
A-Bryzgalin,K/Vladimir 2002/CBM 87 ext (24)}) 15. bxc4 Nb6 16. c5 Nc4 {It was
possible first to exchange queens.} (16... Qxd1 $5 17. Rfxd1 Nc4 18. Bc3 (18.
Bd4 Nd7 19. f4 f6 20. exf6 gxf6 $15) 18... Ra7 19. Ng3 Nd7 20. Ne4 Ndxe5 21.
Nd6 $44) 17. Bd4 Nd7 18. f4 Qe7 {It looks like white is losing the Pc5 without
any compensation, but the matters are much more complicated...} 19. Ng3 $1 Nxc5
{Black must capture the pawn, otherwise white plays Ng3-e4-d6.} 20. f5 {
[%cal Gf5f6]} (20. Qg4 Nd7 (20... Kh8 21. f5 Rg8 22. f6 gxf6 23. Qh4 Nd7 24.
Ne4 c5 25. exf6 Qf8 26. Rxc4 bxc4 27. Bc3 $44) (20... g6 $5) 21. f5 Ndxe5 22.
Bxe5 (22. f6 $2 Qxf6) 22... Nxe5 23. f6 Qxf6 24. Qd4 (24. Qh5 $2 g6) 24... Qg5
25. Ne4 Qh5 26. Ng3 Qg5 $11) 20... Qg5 $1 (20... Rfd8 $2 21. f6 $40) 21. Bxc5 (
21. Rf4 $2 exf5 $1 $17 {[%csl Ge6][%cal Yc5e6]} (21... Qxg3 $2 22. Rg4 Nxe3 (
22... Qxg4 $13) 23. Rxg3 Nxd1 24. Bxc5 Rfd8 25. f6 g6 26. Bd6 Nb2 27. Rxc6 $44)
) 21... Qxg3 22. Rxc4 $1 {[%mdl 512] This leads to a draw by force.} ({A risky,
but interesting option was} 22. Rf3 $5 Qxe5 23. Bxf8 Rxf8 24. f6 gxf6 25. Qd7
$44) 22... bxc4 23. fxe6 fxe6 (23... Qxe5 $2 24. Bxf8 Rxf8 25. exf7+ Kh8 26.
Kh1 {[%csl Gf7] and white's passed pawn is a decisive factor.}) 24. Bxf8 Qxe3+
25. Kh1 Rxf8 26. Rxf8+ Kxf8 27. Qd8+ Kf7 28. Qd7+ {Black can not avoid the
perpetual check.} Kf8 (28... Kg6 29. Qxe6+ Kg5 30. Qg4+ Kh6 31. Qh4+ Kg6 32.
Qg4+ $11 Qg5 $2 33. Qe4+) 29. Qd8+ Kf7 1/2-1/2

[Event "EU-chT (Men) 19th"]
[Site "Warsaw"]
[Date "2013.11.15"]
[Round "7.2"]
[White "Sargissian, Gabriel"]
[Black "Tomashevsky, Evgeny"]
[Result "1-0"]
[WhiteElo "2676"]
[BlackElo "2722"]
[Annotator "Postny,E"]
[PlyCount "141"]
[EventDate "2013.11.08"]
[EventType "team-swiss"]
[EventRounds "9"]
[EventCountry "POL"]
[SourceTitle "CBM 158"]
[Source "ChessBase"]
[SourceDate "2014.01.16"]
[SourceVersion "1"]
[SourceVersionDate "2014.01.16"]
[SourceQuality "1"]
[WhiteTeam "Armenia"]
[BlackTeam "Russia"]
[WhiteTeamCountry "ARM"]
[BlackTeamCountry "RUS"]

1. d4 d5 2. c4 c6 3. Nf3 Nf6 4. Nc3 a6 5. e3 Bf5 6. Bd3 {The most solid
continuation. In the subsequent position the move a7-a6 might not necessarily
be useful.} Bxd3 7. Qxd3 e6 8. O-O Bb4 {This way Black prevents the advance
e3-e4.} 9. Bd2 O-O ({A similar position arose in the recent Saint Louis
supertournament:} 9... Bxc3 10. Bxc3 O-O 11. a4 Nbd7 12. a5 Ne4 13. Bb4 Re8 14.
Rac1 h5 15. Ne5 Qc7 16. Nxd7 Qxd7 17. Qe2 Nf6 {+/=/= 1-0 (49) Carlsen,M (2862)
-Kamsky,G (2741) Saint Louis 2013}) 10. Rfd1 Bxc3 (10... Ba5 11. Rab1 Nbd7 12.
b4 Bc7 13. a4 $6 ({More promising for White is:} 13. e4 dxe4 14. Nxe4 {though,
Black's position remains very solid.}) 13... Nb6 14. c5 Nc4 15. e4 dxe4 16.
Nxe4 Nxe4 17. Qxc4 Qd7 $11 {1/2-1/2 (99) Dreev,A (2710)-Vallejo Pons,F (2705)
Melilla 2011}) (10... Nbd7 $4 {would fall into a simple and standard trap:} 11.
Nxd5 $1 Nxd5 12. cxd5 Bxd2 13. dxe6 $18) 11. Bxc3 Ne4 12. Bb4 Re8 13. Nd2 Nxd2
14. Bxd2 Nd7 {Black has nothing to complain about - the position is basically
equal. White can only be better if he manages to open up the position, so that
he could prove the superiority of the bishop over the knight.} 15. a4 Nf6 16.
Be1 {A long, manoeuvring battle is ahead of us.} Qe7 17. Ba5 h6 18. Rac1 Rac8
19. h3 {Everything logical so far.} Ne4 20. f3 Nd6 21. b3 f5 $6 {I don't like
this move.} ({Of course, not} 21... e5 $4 22. c5 {and the knight is trapped.})
({But,} 21... Qg5 {could be recommended.} 22. Bd2 Qg3 23. Be1 Qg5 24. Bf2 (24.
e4 $6 dxe4 25. fxe4 f5 {and Black gets the e4-outpost for the knight.}) 24...
Nf5 25. e4 Nh4 26. Bxh4 Qxh4 $11) 22. Be1 ({Here and on the next couple of
moves White could close the centre and seize the space on the queenside.} 22.
c5 Nf7 23. f4 $14) 22... Rcd8 23. Bg3 Nf7 24. Kh2 Qf6 25. b4 Nd6 $6 {
Tomashevsky didn't take advantage of the chance to break through the centre
and solve all his problems.} (25... e5 $1 26. cxd5 (26. dxe5 $2 Nxe5 27. Bxe5
Qxe5+ $15 {[%csl Re3,Rh2]}) 26... f4 $1 27. Bf2 fxe3 28. Qxe3 Rxd5 $11) 26. c5
Nf7 (26... Nc4 27. Rxc4 dxc4 28. Qxc4 {White has an excellent bishop and a
pawn for an exchange and can press for a long time without any risk.}) 27. f4 {
Now White has small, but stable advantage.} Rd7 (27... Ra8 $1 {was a good idea.
After} 28. Ra1 Ra7 29. b5 axb5 30. axb5 Rea8 {all Black's rooks are in the
right place.}) 28. Rb1 (28. b5 axb5 29. axb5 Ra8 30. Ra1 {was slightly more
precise. A couple of moves later the rook got to a1 anyway.}) 28... Ra8 29. b5
axb5 30. axb5 Nd8 31. Ra1 Rxa1 32. Rxa1 cxb5 33. Qxb5 Nc6 {The knight has got
into play, while the Pb7 can be easily protected.} 34. Ra8+ Kh7 35. Qb1 {
White has to look now for new targets.} Qf7 36. Bh4 Qh5 37. Bf2 Qf7 38. g4 {
The only active plan.} Rd8 39. Ra2 Rc8 40. Bh4 Qd7 41. Rg2 $6 {Sargissian is
now concentrating on the kingside, but White's threats are not so harmful.} Ra8
{Meanwhile, Black seizes the a-file.} 42. g5 hxg5 43. fxg5 Kg6 $1 {The king
can be also a very useful blockading piece!} 44. Bg3 e5 $1 {Now the position
is opening up and some excitement is in prospect.} 45. dxe5 ({After} 45. Bxe5
$6 Nxe5 46. dxe5 Qc7 {White is the one who has to look for equality.}) 45... d4
46. Qb3 dxe3 47. e6 Qe8 $6 (47... Nd4 $1 48. Qxe3 ({The point is that after} 
48. exd7 $4 Nf3+ 49. Kh1 Ra1+ {White is getting mated.}) 48... Qd5 (48... Nxe6
49. Rd2 Ra3 $1 50. c6 $1 bxc6 51. Qe2 Nd4 52. Rxd4 Qxd4 53. Qe8+ Kh7 54. Qh5+
$11) 49. h4 (49. e7 Nf3+ 50. Kh1 Qd1+ 51. Be1 Qxe1+ 52. Qxe1 Nxe1 53. Re2 Re8
54. Rxe1 Kxg5 {and White is the one who has to find precise moves to equalise.}
) 49... Nxe6 $11) 48. Qxe3 $6 {Everyone would take the pawn.} (48. Rb2 $1 $16 {
is a difficult move for a human player.}) 48... Ra4 49. Rd2 Re4 50. Qf2 Rxe6 {
The dust has settled a bit and the position is now equal again.} 51. h4 Qf7 $6
({The following spectacular lines remained behind the scenes:} 51... Re3 $1 52.
Rd6+ (52. h5+ Kxh5 53. Qxf5 Re2+ 54. Kh3 Qe6 (54... Rxd2 $4 55. g6+ Kh6 56.
Bf4#) 55. Qxe6 Rxe6 $11) 52... Kh5 53. Qxf5 g6 54. Kh3 $1 Ne5 $1 55. c6 $1 {
White must block the diagonal e8-a4.} (55. Qe6 $4 Qa4 $19 {[%cal Ga4h4]}) 55...
bxc6 56. Qe6 Qf8 57. Qf6 Qc8+ 58. Qe6 Qa6 {[%cal Ga6f1]} 59. Qf6 $11) 52. Qf3
$6 (52. Rd5 $1 {targeting the Pf5.}) 52... Kh7 53. h5 g6 54. hxg6+ Kxg6 55. Bf4
Qh7+ $2 (55... Qe7 56. Rd6 Rxd6 57. cxd6 Qe4 58. Qxe4 fxe4 59. d7 b5 $11) 56.
Kg3 {Now, in view of the threat 57.Rh2, Black has to go into a bad endgame.}
Qh5 57. Qxh5+ Kxh5 58. Rh2+ Kg6 59. Rh6+ Kf7 60. Rh7+ Kg6 $2 {The most logical
move is the decisive mistake.} (60... Kg8 $1 61. Rxb7 Re4 62. Bd6 Nd4 {could
still give Black chances for a draw as Black's rook + knight coordinate well.})
61. Rxb7 $18 Nd4 62. Rb6 {The pin along the sixth rank emphasises the drawback
of 60...Kg6.} Ne2+ 63. Kf3 Nd4+ 64. Kf2 $1 Nc6 65. Kg3 {The triangular king
manoeuvre forces Black into zugzwang.} Kf7 66. Kh4 Nd4 (66... Kg6 67. Ra6 $22)
67. Kh5 Nc6 68. Rb7+ Kg8 69. g6 Re1 70. Bd6 Rg1 71. Rc7 1-0